Guess the well known bands/singers from one word: 2 - Statistics

General Stats
  • This quiz has been taken 40 times
  • The average score is 7 of 10
Answer Stats
Hint Answer % Correct
Vogue Madonna
82%
Wall Pink Floyd
82%
Slippery Bon Jovi
74%
California The Eagles
74%
Caroline Neil Diamond
72%
Strummer The Clash
69%
Relax Frankie Goes to Hollywood
64%
Tusk Fleetwood Mac
56%
Shout Tears for Fears
51%
Itchycoo Small Faces
33%
No matching quizzes found
Score Distribution
Percent of People with Each Score
Percentile by Number Answered
Your Score History
You have not taken this quiz